Responses for Show #2602 - Tuesday, December 19, 1995

1995-B Seniors Tournament quarterfinal game 2.

Contestants

[<< previous game]

Kay Hoey, a housewife from Bradenton Beach, Florida

David Cuneo, a former history teacher from Reisterstown, Maryland

Grace Amador, a retired language teacher from Sugar Land, Texas

[next game >>]

Jeopardy! Round responses

SCIENCE
SOAP OPERA HISTORY
COMPOSERS
SPORTS
FRUITS & VEGETABLES
CROSSWORD CLUES "A"
    $100 16
the Sun

Grace
    $100 19
Dark Shadows

Triple Stumper
    $100 1
Handel

Kay
    $100 6
the Indy 500

David
    $100 25
cabbage

Grace
    $100 11
an alligator

David
    $200 17
the drones

David
    $200 20
David Hasselhoff

Kay
    $200 2
(George) Gershwin

David
    $200 7
Wilt Chamberlain

David
    $200 26
pimentos

Grace
    $200 12
Arthur

David
    $300 18
(David: What is cybernetics?)

cryogenics

DavidKay
    $300 21
All My Children

Triple Stumper
    $300 3
Budapest

David
    $300 8
Sonja Henie

David
    $300 27
(Grace: What's a squash?)

a grape

GraceKay
    $300 13
Arkansas

David
    $400 23
(David: Uh, what is an eye doctor?)
[Laughter]
(Alex: You wanna try being a little more specific? Give me a name for an eye doctor.)
(David: No.)

an ophthalmologist (an oculist)

GraceDavid
    $400 22
(David: Who is Joan Crawford?)

Christina (Crawford)

GraceDavid
    $500 4
Chopin

David
    $400 9
Walter Payton

David
    $400 28
(David: What are potatoes?)

leeks

DavidKay
    $400 14
an acorn

Grace
    $500 24
Roentgen

David
    $500 30
Peyton Place

Grace
    $500 5
(Leonard) Bernstein

David
    $500 10
(Alex: The good news is, you ran the category; the bad news is, there are no more SPORTS clues up there, David.)
[Applause]

Jake LaMotta

David
    $500 29
lychee nuts

Grace
    $500 15
Ava

David

Scores at the first commercial break (after clue 15):

Grace David Kay
$400 $4,100 $100

Scores at the end of the Jeopardy! Round:

Grace David Kay
$2,300 $3,300 $1,300

Double Jeopardy! Round responses

DANCE
MOUNTAINS
THE 19th CENTURY
MUSEUMS
WOMEN POETS
TIME
    $200 26
wood

Grace
    $200 3
the Rockies

David
    $200 8
the Suez Canal

David
    $200 1
the Mardi Gras

Kay
    $200 21
(Elizabeth Barrett) Browning

Grace
    $200 16
February

David
    $400 27
"Achy Breaky Heart"

Kay
    $400 4
Mount Ararat

David
    $400 9
Nicholas II

Grace
    $400 2
Atlantic City

David
    $400 22
Dickinson

David
    $400 17
space

Grace
    $600 28
a square

Grace
    $600 5
Mont Blanc

David
    $600 10
Jenny Lind

David
    $600 13
the Field Museum

Kay
    $900 23
Sylvia Plath

David
    $600 18
day

Grace
    $800 29
the tango

Grace
    $1,000 6
(David: What are the Catskills?)

the Adirondacks

David
    $800 11
Robert Peel

David
    $800 14
O. Henry

Grace
    $800 24
(Emma) Lazarus

David
    $800 19
the Middle Ages

David
    $1000 30
Baryshnikov

Grace
    $1000 7
K2

David
    $1000 12
Haiti

Grace
    $1000 15
(Wiley) Post

Grace
    $1000 25
Sappho

David
    $1000 20
Greenwich Mean Time

Triple Stumper

Scores at the end of the Double Jeopardy! Round:

Grace David Kay
$9,300 $10,600 $2,500

Final Jeopardy! Round responses

COUNTRIES OF THE WORLD
(Alex: Kay, we start with you.)
(Kay: No, you don't want to start with me.)
(Alex: I don't want to start with you? Well, I must.)
...
(Alex: If you think of the Latin for south, australis, hence, [*].)
KayWhat is Ecuador
$2,500
GraceWhat is Surinam?
$2,300
DavidWhat is Argentina
$600
Australia

Final scores:

Grace David Kay
$7,000 $10,000 $0
2nd place: $1,000 if eliminated Automatic semifinalist 3rd place: $1,000 if eliminated

Game dynamics:

Coryat scores:

Grace David Kay
$9,300 $11,200 $2,500
19 R,
1 W
29 R
(including 2 DDs),
5 W
(including 1 DD)
8 R,
0 W

Combined Coryat: $23,000

[game clues] [game scores] [suggest correction]

Game tape date: Unknown
The J! Archive is created by fans, for fans. Scraping, republication, monetization, and malicious use prohibited; this site may use cookies and collect identifying information. See terms. The Jeopardy! game show and all elements thereof, including but not limited to copyright and trademark thereto, are the property of Jeopardy Productions, Inc. and are protected under law. This website is not affiliated with, sponsored by, or operated by Jeopardy Productions, Inc. Join the discussion at JBoard.tv.